000
00512nam a2200169Ia 4500
008
100204s9999 xx 000 0 und d
082
_b
27650
100
_a
फ्लेमिंग इयान
245
_a
द स्पाय हू लव्हड मी
250
_a
0
260
_c
2007
300
_a
136
630
_a
द स्पाय हू लव्हड मी
700
_a
ठाकूर अजित
730
_a
द स्पाय हू लव्हड मी
942
_c
BOOK
999
_c
472827
_d
472824